[Event "Las Vegas National op"]
[Site "Las Vegas"]
[Date "2025.06.04"]
[Round "1"]
[White "Wu, Jayden"]
[Black "Katz, Alexander R"]
[Result "0-1"]
[WhiteElo "2061"]
[BlackElo "2364"]
[PlyCount "64"]
[EventDate "2025.06.04"]
[EventType "swiss"]
[EventRounds "9"]
[EventCountry "USA"]
[SourceTitle "CB24_2025"]
[SourceDate "2025.06.11"]
[SourceVersion "1"]
[SourceVersionDate "2025.06.11"]
[SourceQuality "1"]

1. e4 d6 2. d4 Nf6 3. Nc3 g6 4. Be3 c6 5. Qd2 b5 6. a3 Nbd7 7. Bh6 Bxh6 8. Qxh6 Qb6 9. Qd2 0-0 10. Nf3 e5 11. d5 Nc5 12. dxc6 Nfxe4 13. Nxe4 Nxe4 14. Qe3 Qxc6 15. 0-0-0 Nc5 16. Qh6 f6 17. Bd3 Rf7 18. h4 Rc7 19. Bxg6 hxg6 20. Qxg6+ Rg7 21. Qxf6 Be6 22. b4 Rf8 23. Qh6 Bf5 24. bxc5 Qxc5 25. Ne1 Qxa3+ 26. Kb1 Qb3+ 27. Kc1 Qa3+ 28. Kb1 Rg4 29. Nd3 Rc8 30. Rd2 Rcc4 31. f4 Ra4 32. c3 Bxd3+ 0-1

[Event "San Jose 1000 GM April Gp5"]
[Site "San Jose"]
[Date "2024.04.21"]
[Round "4.4"]
[White "Wu, Jayden"]
[Black "Hernandez Luna, Jose Angel"]
[Result "1-0"]
[WhiteElo "1932"]
[BlackElo "1957"]
[PlyCount "71"]
[EventDate "2024.04.20"]
[EventType "schev"]
[EventRounds "5"]
[EventCountry "USA"]
[SourceTitle "EXT 2025"]
[Source "ChessBase"]
[SourceDate "2024.10.14"]
[SourceVersion "1"]
[SourceVersionDate "2024.10.14"]
[SourceQuality "1"]

1. e4 e5 2. Nf3 Nc6 3. Bb5 a6 4. Ba4 Nf6 5. 0-0 b5 6. Bb3 Be7 7. Re1 0-0 8. h3 d6 9. c3 Na5 10. Bc2 c5 11. d4 Qc7 12. d5 Nb7 13. Nbd2 c4 14. Nf1 Re8 15. Ng3 g6 16. Nh2 Nc5 17. f4 exf4 18. Bxf4 Bf8 19. Nf3 Ncd7 20. Qd2 Bg7 21. a4 Bb7 22. Be3 Nc5 23. Bd4 Nfd7 24. Bxg7 Kxg7 25. Qg5 f6 26. Nh5+ Kf7 27. Qh6 gxh5 28. Qxh7+ Kf8 29. Nh4 Re5 30. Ng6+ Ke8 31. Qg8+ Nf8 32. Qxf8+ Kd7 33. Qf7+ Kc8 34. Qxc7+ Kxc7 35. Nxe5 fxe5 36. axb5 1-0

[Event "North American op 33rd"]
[Site "Las Vegas"]
[Date "2023.12.27"]
[Round "3"]
[White "Rowe, Duane"]
[Black "Wu, Jayden"]
[Result "1-0"]
[WhiteElo "2039"]
[BlackElo "1910"]
[PlyCount "125"]
[EventDate "2023.12.26"]
[EventType "swiss"]
[EventRounds "9"]
[EventCountry "USA"]
[SourceTitle "CBM 217 Extra"]
[Source "ChessBase"]
[SourceDate "2024.01.31"]
[SourceVersion "1"]
[SourceVersionDate "2024.01.31"]
[SourceQuality "1"]

1. Nf3 Nf6 2. d4 d5 3. e3 e6 4. Bd3 c5 5. c3 Bd6 6. 0-0 0-0 7. Nbd2 Nbd7 8. e4 dxe4 9. Nxe4 Nxe4 10. Bxe4 Nf6 11. Bc2 b6 12. Qe2 h6 13. dxc5 Bxc5 14. Bf4 Qe7 15. Rad1 a5 16. Ne5 Bb7 17. Ba4 Nd5 18. Bc1 Rac8 19. Rd3 Qh4 20. Bb5 Nf4 21. Bxf4 Qxf4 22. Nd7 Rfd8 23. Nxc5 bxc5 24. Rfd1 Qg5 25. f4 Qf6 26. Qe5 Rxd3 27. Bxd3 Qxe5 28. fxe5 c4 29. Bc2 Bd5 30. Rd2 Kf8 31. Kf2 f6 32. exf6 gxf6 33. Ke3 Ke7 34. Kd4 e5+ 35. Ke3 Be6 36. Ba4 Rb8 37. g3 Rb6 38. Bd1 Rb8 39. Bh5 Rb6 40. Bg6 Rd6 41. Rxd6 Kxd6 42. Bc2 Kc5 43. Ba4 Kd6 44. b4 cxb3 45. axb3 Bd7 46. Bxd7 Kxd7 47. g4 Kc7 48. Ke4 Kc6 49. Kf5 Kd6 50. h4 Kd5 51. Kxf6 e4 52. g5 hxg5 53. hxg5 e3 54. g6 e2 55. g7 e1Q 56. g8Q+ Kd6 57. Qd8+ Kc6 58. Qxa5 Qh4+ 59. Qg5 Qh8+ 60. Qg7 Qh4+ 61. Kf7 Kd7 62. Qd4+ Qxd4 63. cxd4 1-0